WYA RED- Yan Block, iZaak, J Abdiel, Jay Wheeler, De La Rose - Estadísticas

Estadísticas generales
  • Esta prueba ha sido intentada 31 veces
  • La puntuación promedio es 472 de 691
Estadísticas de respuestas
Letra % Correcto
a
100%
A
100%
e
100%
Ja
100%
y
100%
Y
100%
Es
96%
es
96%
yo
96%
Yo
96%
91%
si
91%
Si
91%
está
87%
no
87%
No
87%
87%
se
87%
Se
87%
87%
Where
87%
de
83%
Dónde
83%
dónde
83%
donde
83%
la
83%
La
83%
83%
ma
83%
me
83%
Me
83%
sin
83%
ti
83%
con
78%
Con
78%
contigo
78%
déjà
78%
en
78%
En
78%
Mi
78%
78%
mi
78%
por
78%
que
78%
qué
78%
Que
78%
Qué
78%
78%
te
78%
Te
78%
tu
78%
78%
78%
un
78%
vu
78%
you
78%
anoche
74%
Anoche
74%
como
74%
cómo
74%
Dos
74%
dos
74%
Estas
74%
estás
74%
I
74%
las
74%
Lo
74%
lo
74%
los
74%
To
74%
to
74%
Toy
74%
toy
74%
Baby
70%
baby
70%
bae
70%
Bae
70%
bellaco
70%
Chíngame
70%
chíngame
70%
día
70%
el
70%
encima
70%
enemigo
70%
esnúa
70%
extraño
70%
gana
70%
ganas
70%
mami
70%
Mami
70%
mañana
70%
muriera
70%
oportunidad
70%
pa
70%
pero
70%
Pero
70%
quiera
70%
rico
70%
solo
70%
tiene
70%
tuve
70%
tuviera
70%
ve
70%
ya
70%
aquí
65%
Ay
65%
bellaquita
65%
cualquiera
65%
cuando
65%
Cuando
65%
deseándote
65%
días
65%
enchularme
65%
ere
65%
foto
65%
four
65%
fue
65%
fuéramo
65%
hace
65%
hay
65%
llevo
65%
lu
65%
mis
65%
otra
65%
pendiente
65%
sex
65%
soy
65%
tan
65%
tiempo
65%
una
65%
ven
65%
ver
65%
vo
65%
apagando
61%
baño
61%
brincando
61%
cabrón
61%
cama
61%
culo
61%
dar
61%
ese
61%
hondo
61%
huele
61%
le
61%
más
61%
nalga
61%
quiero
61%
siento
61%
sudando
61%
tenemos
61%
voy
61%
at
57%
ayuda
57%
blunt
57%
champú
57%
continúa
57%
estar
57%
mete
57%
miss
57%
playin
57%
playita
57%
prendes
57%
quiere
57%
quisiera
57%
retrovisor
57%
sabe
57%
sabes
57%
saga
57%
salió
57%
sensei
57%
sexo
57%
similitud
57%
temblando
57%
text
57%
tus
57%
venir
57%
verme
57%
algo
52%
Algo
52%
amor
52%
aunque
52%
Bellaquear
52%
contra
52%
coronar
52%
cuerpo
52%
del
52%
enfoco
52%
entre
52%
envía
52%
esa
52%
espalda
52%
estés
52%
fotos
52%
hacemo
52%
mistake
52%
muero
52%
nombre
52%
nos
52%
nosotro
52%
only
52%
otro
52%
ponemo
52%
ponía
52%
puro
52%
rajita
52%
rato
52%
sacando
52%
salud
52%
sea
52%
seguido
52%
siempre
52%
Siempre
52%
siente
52%
sudor
52%
table
52%
tatuó
52%
toto
52%
va
52%
veneno
52%
volviste
52%
voz
52%
aruña
48%
bajándole
48%
Bebecita
48%
cielo
48%
dame
48%
dime
48%
envuelto
48%
envuelvo
48%
Eso
48%
espaldita
48%
esperando
48%
Estos
48%
Ey
48%
gotita
48%
hacer
48%
mariposa
48%
mojo
48%
morbo
48%
nota
48%
Perco
48%
porta
48%
saliendo
48%
Verno
48%
Yeah
48%
cake
43%
Chingamo
43%
Chingándote
43%
cierto
43%
concierto
43%
Dando
43%
despierto
43%
despué
43%
digo
43%
emoji
43%
filter
43%
highlight
43%
jodernos
43%
linda
43%
metiéndoselo
43%
nine
43%
para
43%
pelo
43%
pruebo
43%
six
43%
Tenerte
43%
ahí
39%
birthday
39%
capsuleando
39%
Ciegos
39%
cien
39%
daylight
39%
eres
39%
gustan
39%
llega
39%
llego
39%
marcándose
39%
meto
39%
MIA
39%
pongo
39%
puedo
39%
respondo
39%
Side
39%
tape
39%
tetita
39%
traje
39%
van
39%
vuelta
39%
West
39%
ahora
35%
contact
35%
espada
35%
hasta
35%
hoy
35%
Llenamo
35%
manda
35%
midnight
35%
pai
35%
perfecto
35%
salga
35%
también
35%
trilis
35%
caco
30%
chinguemo
30%
decirle
30%
gusto
30%
hablar
30%
hijueputa
30%
Juro
30%
media
30%
muerta
30%
quemaíta
30%
serio
30%
susto
30%
cambié
26%
escondío
26%
Mejor
26%
sudaíta
26%
sacar
22%
size
22%
Solamente
22%
dije
17%
Draco
17%
empezar
17%
tiraba
4%
No se encontraron pruebas coincidentes
Distribución de puntuación
Porcentaje de gente con cada puntuación
Porcentaje por número respondido
Historial de tus puntuaciones
No has intentado esta prueba.